000 00955nam a2200277 a 4500
001 1135461
003 OSt
005 20220222102541.0
008 940823s1994 ilua 001 0 eng
010 _a 94200385
020 _a0826944159
040 _aDLC
_cDLC
050 0 0 _aTJ286
_b.S725 1994
082 0 0 _a621.1/83
_220
100 1 _aSteingress, Frederick M.
245 1 0 _aHigh pressure boilers /
_cFrederick M. Steingress, Harold J. Frost.
250 _a2nd ed.
260 _aHomewood, Ill. :
_bAmerican Technical Publishers,
_cc1994.
300 _a265 p. :
_bill. ;
_c28 cm.
500 _aIncludes index.
650 0 _aSteam-boilers.
700 1 _aFrost, Harold J.,
_d1926-
906 _a7
_bcbc
_corignew
_d2
_encip
_f19
_gy-gencatlg
942 _2lcc
_cBOOKS
_hTJ286 .S725 1994
_i .S725 1994
999 _c31069
_d31069